000 00350nam a22001337a 4500
999 _c13176
_d13176
020 _a978-0-205-87185-8
082 _a157.9
100 _aGeoffrey P.Kramer, Douglas A.Bernstein & Vicky Phares
245 _aIntroduction to Clinical Psychology Volume 2
250 _a8th Edition
260 _aUSA
_bPearson
_c2014
300 _a826 Pages
942 _cBK